[Event "Prague Menchik Memorial Rapid"]
[Site "Prague"]
[Date "2021.09.28"]
[Round "1"]
[White "Bouska, Jiri"]
[Black "Trichkov, Vasil"]
[Result "1/2-1/2"]
[WhiteElo "2025"]
[BlackElo "2313"]
[PlyCount "75"]
[EventDate "2021.09.28"]
[EventType "swiss (rapid)"]
[EventRounds "9"]
[EventCountry "CZE"]
[SourceTitle "CBM 204 Extra"]
[Source "ChessBase"]
[SourceDate "2021.11.30"]
[SourceVersion "1"]
[SourceVersionDate "2021.11.30"]
[SourceQuality "1"]

1. e4 c5 2. Nf3 d6 3. d4 Nf6 4. Nc3 cxd4 5. Nxd4 a6 6. Bc4 e6 7. Bb3 b5 8. Be3 b4 9. Na4 Nxe4 10. 0-0 d5 11. Ne2 Nc6 12. f3 Nd6 13. Nd4 Bd7 14. Nc5 Nc4 15. Bxc4 Bxc5 16. Bb3 Nxd4 17. Bxd4 Qb6 18. Bxc5 Qxc5+ 19. Kh1 0-0 20. Qd2 a5 21. a4 bxa3 22. Rxa3 a4 23. Ba2 Rfb8 24. c3 Ra7 25. Bb1 Rab7 26. Ra2 g6 27. Bd3 Rb3 28. Rfa1 d4 29. Be4 e5 30. cxd4 Qxd4 31. Qxd4 exd4 32. Rd1 Rxb2 33. Rxb2 Rxb2 34. Rxd4 a3 35. Rxd7 a2 36. Rd1 f5 37. Bd5+ Kg7 38. Bxa2 1/2-1/2

[Event "Prague Menchik Memorial Rapid"]
[Site "Prague"]
[Date "2021.09.28"]
[Round "8"]
[White "Trichkov, Vasil"]
[Black "Hollan, Petr"]
[Result "1/2-1/2"]
[WhiteElo "2313"]
[BlackElo "2293"]
[PlyCount "159"]
[EventDate "2021.09.28"]
[EventType "swiss (rapid)"]
[EventRounds "9"]
[EventCountry "CZE"]
[SourceTitle "CBM 204 Extra"]
[Source "ChessBase"]
[SourceDate "2021.11.30"]
[SourceVersion "1"]
[SourceVersionDate "2021.11.30"]
[SourceQuality "1"]

1. d4 Nf6 2. Nf3 g6 3. c4 Bg7 4. g3 b6 5. Bg2 Bb7 6. 0-0 0-0 7. Nc3 Ne4 8. Qc2 Nxc3 9. bxc3 d6 10. e4 Nd7 11. Re1 c5 12. a4 cxd4 13. cxd4 Rc8 14. Be3 d5 15. exd5 Bxd5 16. Nd2 Bxg2 17. Kxg2 Nf6 18. h3 Nd5 19. Nf3 Nxe3+ 20. Rxe3 e6 21. Qb3 Qc7 22. a5 Qxc4 23. axb6 axb6 24. Qxb6 Rfd8 25. Rd1 Rb8 26. Qa7 Qd5 27. Red3 Rb7 28. Qc5 Rbd7 29. Qc2 e5 30. dxe5 Qxd3 31. Rxd3 Rxd3 32. Qc4 h6 33. e6 fxe6 34. Qxe6+ Kh7 35. Qe4 R3d5 36. h4 Kh8 37. Qxg6 R5d6 38. Qe4 Rf8 39. h5 Rdf6 40. Nh4 Rxf2+ 41. Kh3 R8f7 42. Ng6+ Kg8 43. Qe8+ Kh7 44. Qe4 Kg8 45. Nf4 Rb2 46. Qe8+ Rf8 47. Qe6+ Rf7 48. Ng6 Rbb7 49. Qe8+ Kh7 50. Kg4 Rb4+ 51. Nf4 Rbb7 52. Qe4+ Kg8 53. Kh3 Rbe7 54. Qd5 Rd7 55. Qa8+ Kh7 56. Qe4+ Kg8 57. Ng6 Rc7 58. Qe8+ Kh7 59. Nh4 Rce7 60. Qc6 Rc7 61. Qe4+ Kg8 62. Nf5 Rxf5 63. Qxf5 Rf7 64. Qe6 Kf8 65. g4 Rf6 66. Qc8+ Kf7 67. Qc4+ Kf8 68. Qc5+ Kf7 69. Kg2 Kg8 70. Qd5+ Kf8 71. Kg3 Ke7 72. Kh4 Rd6 73. Qb7+ Rd7 74. Qf3 Bf6+ 75. Kh3 Bg5 76. Qf5 Kd8 77. Kg2 Ke8 78. Qg6+ Rf7 79. Qe6+ Kf8 80. Kh3 1/2-1/2

[Event "Titled Tuesday intern op 20th Apr"]
[Site "Chess.com INT"]
[Date "2021.04.20"]
[Round "3"]
[White "Eren, Ataberk"]
[Black "Trichkov, Vasil"]
[Result "1-0"]
[WhiteElo "2306"]
[BlackElo "2302"]
[PlyCount "71"]
[EventDate "2021.04.20"]
[EventType "swiss (blitz)"]
[EventRounds "11"]
[EventCountry "USA"]
[SourceTitle "CBM 202 Extra"]
[Source "ChessBase"]
[SourceDate "2021.07.31"]
[SourceVersion "1"]
[SourceVersionDate "2021.07.31"]
[SourceQuality "1"]

1. e4 c5 2. Nc3 Nc6 3. Nf3 g6 4. d4 cxd4 5. Nxd4 Bg7 6. Nb3 Nf6 7. Be2 0-0 8. 0-0 a6 9. a4 d6 10. Be3 e5 11. f4 exf4 12. Bxf4 Ne5 13. Bg5 h6 14. Bh4 g5 15. Bg3 Be6 16. Nd4 Qc7 17. Kh1 Rac8 18. a5 Rfe8 19. h4 Ng6 20. hxg5 hxg5 21. Nf5 Bxf5 22. Rxf5 Nxe4 23. Nxe4 Rxe4 24. Bd3 Re3 25. Qg4 Ne5 26. Qxg5 Rxg3 27. Qxg3 Nxd3 28. cxd3 Re8 29. Raf1 Re6 30. Rh5 Rg6 31. Qf3 Qe7 32. Qf5 Be5 33. Re1 Qd8 34. Rf1 Qe7 35. Qc8+ Kg7 36. Qh8# 1-0

[Event "CZE-ch Betsys Online Blitz"]
[Site "Chess.com INT"]
[Date "2021.04.17"]
[Round "11"]
[White "Trichkov, Vasil"]
[Black "Pulpan, Jakub"]
[Result "0-1"]
[WhiteElo "2302"]
[BlackElo "2405"]
[PlyCount "134"]
[EventDate "2021.04.17"]
[EventType "swiss (blitz)"]
[EventRounds "13"]
[EventCountry "CZE"]
[SourceTitle "CBM 201 Extra"]
[Source "ChessBase"]
[SourceDate "2021.05.31"]
[SourceVersion "1"]
[SourceVersionDate "2021.05.31"]
[SourceQuality "1"]

1. d4 Nf6 2. Nf3 d5 3. c4 e6 4. g3 Bb4+ 5. Bd2 Be7 6. Bg2 0-0 7. Qc2 c6 8. 0-0 Nbd7 9. Rd1 b6 10. b3 Bb7 11. Nc3 c5 12. cxd5 exd5 13. dxc5 bxc5 14. Bf4 d4 15. Na4 Be4 16. Qd2 Nb6 17. Qa5 Nxa4 18. Qxa4 Nd5 19. Bd2 Nb6 20. Qa5 Qd5 21. Rac1 Rfd8 22. Ne1 Bxg2 23. Nxg2 Qe4 24. Qb5 Bf8 25. Ba5 Re8 26. Nf4 Bd6 27. Nd3 Rab8 28. Nxc5 Qd5 29. a4 h6 30. Na6 Qxb5 31. axb5 Rbd8 32. Rxd4 Be5 33. Rxd8 Rxd8 34. Nb4 Bb2 35. Rb1 Bf6 36. Nc6 Rd7 37. Nxa7 Nd5 38. Nc6 Rb7 39. Rd1 Rxb5 40. b4 Nc3 41. Re1 Kh7 42. Kf1 Ne4 43. Rd1 Nc3 44. Rd3 Rh5 45. h4 Nb5 46. Rf3 Rd5 47. Kg2 Rd2 48. e3 Rb2 49. Nd4 Nxd4 50. exd4 Bxd4 51. Rxf7 Bc3 52. Bb6 Rxb4 53. Be3 Bf6 54. Rd7 Rg4 55. Kf3 Ra4 56. Kg2 Ra8 57. Kf3 Re8 58. Kg2 Rf8 59. Kf3 Bxh4+ 60. Kg2 Bf6 61. Rb7 Kg6 62. Rd7 h5 63. Rb7 Ra8 64. Rb5 Ra4 65. Rd5 Rc4 66. Rb5 Re4 67. Rc5 Rg4 0-1

[Event "Titled Tuesday intern op 06th Apr"]
[Site "Chess.com INT"]
[Date "2021.04.06"]
[Round "9"]
[White "Bulmaga, Irina"]
[Black "Trichkov, Vasil"]
[Result "1-0"]
[WhiteElo "2440"]
[BlackElo "2302"]
[PlyCount "119"]
[EventDate "2021.04.06"]
[EventType "swiss (blitz)"]
[EventRounds "11"]
[EventCountry "USA"]
[SourceTitle "CBM 201 Extra"]
[Source "ChessBase"]
[SourceDate "2021.05.31"]
[SourceVersion "1"]
[SourceVersionDate "2021.05.31"]
[SourceQuality "1"]

1. e4 c5 2. Be2 Nc6 3. f4 g6 4. Nf3 Bg7 5. 0-0 d5 6. e5 Bg4 7. c3 e6 8. d3 Nge7 9. Be3 b6 10. d4 c4 11. Nbd2 0-0 12. h3 Bxf3 13. Nxf3 b5 14. a3 a5 15. Bf2 b4 16. Bh4 Qb6 17. Bf6 Nf5 18. Qd2 Ng3 19. Rfd1 Ne4 20. Qe3 Nxf6 21. exf6 Bxf6 22. Ne5 Bg7 23. Nd7 Qc7 24. Nxf8 Rxf8 25. axb4 axb4 26. g3 Qb6 27. Kg2 Rb8 28. Bf3 Na5 29. Ra4 bxc3 30. bxc3 Qb5 31. Rb4 Qe8 32. Rdb1 Nb3 33. Rxb8 Qxb8 34. Bd1 h5 35. h4 Qa7 36. Bxb3 cxb3 37. Qe2 Qa4 38. Rb2 Qc4 39. Qxc4 dxc4 40. Kf3 Kf8 41. Ke4 Ke7 42. Rb1 Kd6 43. Ra1 f5+ 44. Ke3 Bf8 45. Kd2 Kd5 46. Ke3 Kc6 47. Ra8 Bd6 48. Kd2 Kd5 49. Rd8 Kc6 50. Kc1 Bc7 51. Rg8 Kd5 52. Rxg6 Ba5 53. Kb2 Ke4 54. d5 exd5 55. Ra6 Bc7 56. Re6+ Kd3 57. Ra6 Bd8 58. g4 fxg4 59. f5 g3 60. Rg6 1-0

[Event "Titled Tuesday intern op 06th Apr"]
[Site "Chess.com INT"]
[Date "2021.04.06"]
[Round "3"]
[White "Trichkov, Vasil"]
[Black "Rozman, Monika"]
[Result "1-0"]
[WhiteElo "2302"]
[BlackElo "2175"]
[PlyCount "47"]
[EventDate "2021.04.06"]
[EventType "swiss (blitz)"]
[EventRounds "11"]
[EventCountry "USA"]
[SourceTitle "CBM 201 Extra"]
[Source "ChessBase"]
[SourceDate "2021.05.31"]
[SourceVersion "1"]
[SourceVersionDate "2021.05.31"]
[SourceQuality "1"]

1. d4 Nf6 2. Nf3 d5 3. c4 e6 4. g3 dxc4 5. Bg2 Bb4+ 6. Bd2 a5 7. 0-0 0-0 8. a3 Bd6 9. Ne5 c5 10. e3 cxd4 11. exd4 Nc6 12. Nxc6 bxc6 13. Nc3 Rb8 14. Qc2 c5 15. dxc5 Bxc5 16. Na4 Qc7 17. Rac1 Ba6 18. Nxc5 Qxc5 19. Bf4 Rbc8 20. Be3 Qb5 21. Bd4 Nd5 22. Rfd1 Qb3 23. Qe2 Rfe8 24. Qg4 1-0

[Event "Titled Tuesday intern op 06th Apr"]
[Site "Chess.com INT"]
[Date "2021.04.06"]
[Round "1"]
[White "Trichkov, Vasil"]
[Black "Visakh, Narayanan Rajeswari"]
[Result "0-1"]
[WhiteElo "2302"]
[BlackElo "2516"]
[PlyCount "68"]
[EventDate "2021.04.06"]
[EventType "swiss (blitz)"]
[EventRounds "11"]
[EventCountry "USA"]
[SourceTitle "CBM 201 Extra"]
[Source "ChessBase"]
[SourceDate "2021.05.31"]
[SourceVersion "1"]
[SourceVersionDate "2021.05.31"]
[SourceQuality "1"]

1. d4 Nf6 2. Nf3 g6 3. c3 Bg7 4. g3 b6 5. Bg2 Bb7 6. 0-0 0-0 7. Bg5 c5 8. Nbd2 d6 9. h3 Nbd7 10. Re1 h6 11. Bxf6 Nxf6 12. e4 cxd4 13. Nxd4 e5 14. N4b3 Rc8 15. Qe2 Qc7 16. Rac1 a5 17. Nf1 a4 18. Nbd2 Nd7 19. Ne3 Nc5 20. Nd5 Bxd5 21. exd5 f5 22. b4 axb3 23. axb3 e4 24. Rc2 Nd3 25. Rd1 Nb4 26. Rcc1 Na2 27. c4 Nxc1 28. Rxc1 Qc5 29. g4 Rce8 30. gxf5 e3 31. Ne4 exf2+ 32. Qxf2 Qxf2+ 33. Kxf2 Bd4+ 34. Kg3 gxf5 0-1